[Event "Interzonal-13b"]
[Site "Taxco"]
[Date "1985.06.25"]
[Round "11"]
[White "Timman, Jan H"]
[Black "Sisniega, Marcel"]
[Result "1-0"]
[WhiteElo "2650"]
[BlackElo "2470"]
[Annotator "Huebner,R"]
[PlyCount "81"]
[EventDate "1985.06.11"]
[EventType "tourn"]
[EventRounds "15"]
[EventCountry "MEX"]
[EventCategory "11"]
[SourceTitle "IZT"]
[Source "ChessBase"]
[SourceDate "1999.07.01"]
[SourceVersion "1"]
[SourceVersionDate "1999.07.01"]
[SourceQuality "1"]

1. e4 c5 2. Nf3 d6 3. d4 cxd4 4. Nxd4 Nf6 5. Nc3 a6 6. Bg5 e6 7. f4 Qb6 8. a3
Nc6 9. Nb3 Be7 10. Qd2 O-O 11. O-O-O Rd8 12. Bxf6 Bxf6 13. g4 Bd7 14. g5 Be7
15. h4 Na5 16. Nxa5 Qxa5 17. Kb1 Qc5 18. h5 b5 19. g6 a5 20. h6 fxg6 21. hxg7
Bf6 (21... b4 22. Nd5 $3 exd5 23. f5 (23. Qh2 $1 {Timman} Kf7 {Hübner} 24. Rxd5
Qc6 (24... Qe3 25. Bc4 Be6 26. Qxh7 Rg8 27. f5 $18) 25. Qxh7 Rg8 26. f5 Rxg7 (
26... gxf5 27. Bb5 Qxd5 28. exd5 Bxb5 29. Qxf5+ Bf6 (29... Ke8 30. Rh8 $18) 30.
Rh6 $18 (30. Qe6+ $18)) 27. fxg6+ Kf8 28. Qh8+ Rg8 29. g7+ Kf7 30. Qh5+ Kxg7
31. Bb5 {Weiß setzt bald matt. Hübner}) 23... Rac8 24. Rh2 g5 {Schwarz kann
hier diesen Gewinnversuch unternehmen. Hübner} (24... Qxc2+ $1 {Timman})) 22.
e5 dxe5 23. Ne4 Qe7 24. Qxd7 Rxd7 25. Rxd7 exf4 26. Bxb5 Rb8 27. a4 h5 28. Rg1
Qxg7 29. Rxg7+ Kxg7 30. c3 Be7 31. Bd3 {^D Verhindert 31... Kh6 wegen 31.Nd6!
Timman} e5 (31... Kh6 32. Nd6 Rg8 {Hübner} 33. Nf7+ Kg7 34. Ng5 (34. Bxg6 $2
Kf6) (34. Ne5 g5) 34... e5 {Schwarz hat hier bessere Kampfmöglichkeiten als in
der Partie. Hübner}) 32. Kc2 Rb6 33. b4 axb4 34. a5 Rb8 35. a6 bxc3 36. Rb1 Ra8
37. Rb7 Kf8 38. a7 Bd8 39. Bc4 g5 40. Nxg5 Bb6 41. Nh7+ 1-0

[Event "Interpolis-03"]
[Site "Tilburg"]
[Date "1979.11.14"]
[Round "10"]
[White "Huebner, Robert"]
[Black "Portisch, Lajos"]
[Result "1/2-1/2"]
[WhiteElo "2595"]
[BlackElo "2640"]
[Annotator "Huebner,R"]
[PlyCount "98"]
[EventDate "1979.11.01"]
[EventType "tourn"]
[EventRounds "11"]
[EventCountry "NED"]
[EventCategory "15"]
[SourceTitle "MCL"]
[Source "ChessBase"]
[SourceDate "1999.07.01"]
[SourceVersion "1"]
[SourceVersionDate "1999.07.01"]
[SourceQuality "1"]

1. e4 c5 2. Nf3 d6 3. d4 cxd4 4. Nxd4 Nf6 5. Nc3 a6 6. Bg5 e6 7. f4 Qb6 8. Qd2
Qxb2 9. Rb1 Qa3 10. f5 Nc6 11. fxe6 fxe6 12. Nxc6 bxc6 13. e5 dxe5 (13... Nd5
$6) 14. Bxf6 gxf6 15. Ne4 Be7 16. Be2 {/\Lh5} h5 17. Rb3 Qa4 18. Nxf6+ $1 (18.
c4 f5 19. O-O fxe4 $13) 18... Bxf6 19. c4 Ra7 (19... Bh4+ 20. g3 Be7 21. O-O
Bd7 $2 (21... Ra7) 22. Rb7 Rd8 23. Bd3 Bc5+ 24. Kh1 Rg8 25. Be2 $1 Ke7 26. Bxh5
Rg7 27. Qh6 $16) 20. O-O Be7 (20... Rf7 $1 21. Qd6 (21. Rbf3 Rd7 22. Qb2 (22.
Qe3 $142 $1) 22... Rb7 23. Rb3 O-O 24. Rxb7 Bxb7 25. Qxb7 Qxa2 26. Re1 $1 (26.
Bxh5 $2 e4 27. Kh1 Qxc4 $19 {Velimirovic-Nunn/Skara/1980}) 26... Qd2 (26... e4
27. Qd7 $1 Bc3 28. Qxe6+ Kg7 29. Rd1 $5 Rf7 30. Qxe4 $14) 27. Qb1 h4 28. Bf3
Bg7 29. h3 Rxf3 $5 30. gxf3 Qg5+ 31. Kh1 Qg3 $13 {Kandyba-Bangiev/corr/1988})
21... Be7 22. Qxe5 Rxf1+ 23. Kxf1 (23. Bxf1 Rh7 $1 (23... O-O $2 24. Rg3+) (
23... Rh6 24. Rb8 Kd7 25. Qd4+ Kc7 26. Qf4+ $14) 24. Rb8 Kd7 25. Qd4+ Bd6 26.
Qa7+ Kd8 $1 (26... Bc7 27. Qd4+ Bd6) 27. Rxc8+ Kxc8 28. Qxh7 Bc5+ 29. Kh1 Qxa2
$19 {Chiburdanidze-Alexandria/M/1981}) 23... O-O+ $1 (23... Rf8+ 24. Kg1 $1 Rf5
$5 (24... Qxa2 $2 25. Bxh5+ $18) 25. Bxh5+ Rxh5 (25... Kf8 26. Rd3 $18) 26.
Qxh5+ Kd8 27. Qh8+ $1 Kc7 28. Qg7 $1 Kd8 29. Qd4+ $18) 24. Kg1 h4 $1 25. Qh5
Qxa2 26. Qg6+ Kh8 27. Qh6+ Kg8 {Bangiev 1/2/Mueller,F-Bangiev,A/EU-ch37 f/1990}
) 21. Rb8 Rc7 22. Qd3 Bc5+ 23. Kh1 Ke7 $8 24. Qg3 Kd6 $1 $8 (24... Re8 25. Qxe5
Bd6 26. Qg5+ Kd7 27. c5) 25. Rd1+ Qxd1+ 26. Bxd1 Rf7 27. Bf3 h4 28. Qg6 (28.
Qe1 $5) 28... Rf4 (28... Rf5) 29. Rb1 Bd4 30. c5+ $6 (30. h3) 30... Bxc5 31.
Rc1 Bd7 32. Qd3+ $6 (32. Bxc6 $5 Bxc6 33. Qc2 Rf1+ (33... Bxg2+ 34. Qxg2 Rb8
$44) 34. Rxf1 h3 35. Rd1+ Bd5 36. Rxd5+ Kxd5 (36... exd5 37. Qg6+) 37. Qd3+ Bd4
38. Qxa6 Rg8 $13) (32. Rxc5 Kxc5 33. Qg7 Rhf8 34. Qxd7 e4 35. Qa7+ Kd6 36. Qd4+
Kc7 37. Qa7+ $10) (32. Qg7 Rhf8 33. Rxc5 Kxc5 34. Qxd7 (34. Qxe5+) 34... e4 35.
Qa7+ $10) 32... Bd4 33. Qxa6 e4 $17 34. Be2 Rb8 $1 35. Rd1 e5 36. Qa7 Rb4 (
36... Rb2 $2 37. Rxd4+ $18) (36... Rb1 $2 37. Qa3+ $18) 37. h3 Rf2 38. Qa3 c5
39. Qe3 Rf4 (39... Kc7 $2 40. Rxd4) 40. Qa3 Bc6 41. Bg4 e3 $5 (41... Rf2 42.
Qe3 Rxa2 43. Qh6+ Kc7 44. Qxh4 e3 45. Qe7+ $13) (41... Kc7 42. Qa7+ Bb7 43.
Qa5+) 42. Qxe3 Rb1 $2 (42... Rb2 43. Bf3) (42... Rf1+ 43. Kh2 Rxd1 (43... Rb2
44. Rd2 Kc7 $1 45. Qd3 Rxd2 46. Qxf1 (46. Qxd2 Rf2 47. Qa5+ Kb7 $19) 46... Rf2
47. Qg1 $17 {/\c5-c1}) 44. Qh6+ Kc7 45. Bxd1 Bf2 46. Qh7+ Kb6 47. Qc2 Bg3+ 48.
Kg1 $13) 43. Qd3 $8 (43. Qd2 Rxd1+ 44. Qxd1 e4 $19) (43. Qe1 Rxg4 44. hxg4 Rxd1
45. Qxd1 h3 $19) 43... Rxd1+ (43... Rb2 44. Bf3 e4 45. Qa3 exf3 46. Rxd4+ (46.
Qxb2 $2 fxg2+ 47. Kh2 g1=Q+ $19) 46... Rxd4 47. Qxb2 fxg2+ 48. Kh2 Kc7 (48...
Rd1 49. Qf6+ Kc7 50. Qe5+ $10) 49. Qc3 $13) (43... Rxg4 44. Qxb1 Rxg2 45. Qb8+
Kd7 46. Qa7+ Ke6 47. Qb6 $10) 44. Bxd1 Rf2 (44... e4 45. Qa6 {/\La4}) 45. Qg6+
(45. Bf3 $2 e4 $19) 45... Kc7 46. Kh2 $8 c4 (46... Rxg2+ 47. Qxg2 Bxg2 48. Kxg2
$10) (46... e4 $5 47. Qh7+ Kb6 48. Qxh4 (48. Qh6 Rxa2) 48... e3 49. Qg4 (49.
Qd8+ Ka6 50. Qc8+ Bb7 51. Qe6+ Ka7) 49... Be5+ 50. Kg1 Rxa2 $17) (46... Rxa2 $2
47. Qf7+ $18) 47. a4 Rf1 (47... c3 48. a5 $13) 48. Be2 Rf2 $6 (48... Bg1+ 49.
Kh1 Rc1 50. Qg7+ (50. Qf7+ Kb6 51. Bf1 Be3 52. Kh2 $13) 50... Kb6 51. a5+ Kb5
$1 (51... Kxa5 52. Qxe5+ Ka4 53. Bd1+ Rxd1 54. Qa1+ $1 $10) 52. Qxe5+ Ka4 $19)
49. Bxc4 Rxg2+ 1/2-1/2

[Event "Linares-03"]
[Site "Linares"]
[Date "1981.01.20"]
[Round "3"]
[White "Ljubojevic, Ljubomir"]
[Black "Quinteros, Miguel Angel"]
[Result "1/2-1/2"]
[WhiteElo "2605"]
[BlackElo "2505"]
[Annotator "Kharitonov,A"]
[PlyCount "81"]
[EventDate "1981.01.17"]
[EventType "tourn"]
[EventRounds "11"]
[EventCountry "ESP"]
[EventCategory "13"]
[SourceTitle "MCL"]
[Source "ChessBase"]
[SourceDate "1999.07.01"]
[SourceVersion "1"]
[SourceVersionDate "1999.07.01"]
[SourceQuality "1"]

1. e4 c5 2. Nf3 d6 3. d4 cxd4 4. Nxd4 Nf6 5. Nc3 a6 6. Bg5 e6 7. f4 Qb6 8. Nb3
Be7 (8... Qe3+ $6 9. Qe2 Qxe2+ 10. Bxe2 Nc6 11. Bf3 Bd7 12. O-O-O Be7 13. Na4
O-O-O 14. Bxf6 gxf6 15. Nb6+ Kb8 16. Nxd7+ Rxd7 17. Bh5 $1 $16 {Stein,
L-Portish,L/Stockholm(izt)/1962/}) (8... Nbd7 $5 9. Qe2 Qc7 10. O-O-O b5 11. a3
Bb7 $13) 9. Qf3 Nbd7 10. Be2 (10. O-O-O Qc7 11. Bd3 b5 12. a3 Bb7 13. Rhe1 Nc5
14. Nxc5 dxc5 15. Qg3 O-O-O 16. e5 Nd5 17. Nxd5 Bxd5 18. Bxe7 Qxe7 19. Qe3 Rd7
{Spassky,B-Portish,L/Tilburg/1980/0.5 (19)/}) 10... Qc7 11. a4 (11. O-O-O b5
12. a3 Rb8 $132 (12... Bb7 $5 $13)) 11... h6 12. Qh3 Rg8 $6 (12... O-O $142 13.
Bh4 b6 $13) 13. Bh4 g5 14. fxg5 (14. Bg3 gxf4 15. Bxf4 h5 16. O-O Ne5 $13)
14... hxg5 15. Bf2 b6 16. Qe3 Bb7 17. Bg3 $14 Ne5 18. O-O-O Rc8 $6 (18... O-O-O
$5 19. Rd4 Nfd7 20. Rf1 Kb8 $14) 19. Rd4 Nfd7 20. Rhd1 Qb8 21. Kb1 Nc5 22. Qf2
Rh8 (22... Nxb3 $2 23. cxb3 $16) 23. Qe3 Rg8 24. h3 Qc7 25. R4d2 Nxb3 $6 (25...
Ncd7 $5) 26. cxb3 Qc5 27. Qxc5 bxc5 (27... Rxc5 28. b4 (28. Bf2 $5 Rc6 29. b4
Nc4 30. Rc2 $16) 28... Rc7 29. b5 a5 30. Bf2 Nd7 $16) 28. Bxe5 dxe5 29. Rd7 $16
Rb8 $8 30. Kc2 Rh8 31. Rc7 Bd8 (31... Bc8 $2 32. Ra7 Rb6 33. Ra8 Rc6 34. Bxa6
$18) 32. Rxd8+ $6 (32. Rxc5 Bb6 33. Rc4 (33. Rxe5 Rg8 34. a5 Ba7 35. b4 Ke7 $13
) 33... Bd4 34. Bf3 $16) 32... Kxd8 33. Rxf7 Rg8 $1 34. Bc4 (34. Bg4 Bc8 {
/\Rb4-d4<=>/}) 34... Bc8 35. Kd3 g4 36. h4 g3 37. Ke3 (37. Rh7 Rf8) 37... Rh8
38. Kf3 Rxh4 39. Kxg3 Rh6 40. Rg7 Bd7 41. Nd1 (41. Nd1 Kc7 42. Kg4 Rbh8 $13 (
42... Kd6 43. Kg5 Rh2 $13)) 1/2-1/2

[Event "Norway Chess 7th"]
[Site "Stavanger"]
[Date "2019.06.05"]
[Round "2"]
[White "Caruana, Fabiano"]
[Black "Vachier Lagrave, Maxime"]
[Result "1-0"]
[WhiteElo "2819"]
[BlackElo "2779"]
[Annotator "Lupulescu,C"]
[PlyCount "119"]
[EventDate "2019.06.04"]
[EventType "tourn"]
[EventRounds "9"]
[EventCountry "NOR"]
[EventCategory "22"]
[SourceTitle "CBM 191"]
[Source "ChessBase"]
[SourceDate "2019.08.31"]
[SourceVersion "1"]
[SourceVersionDate "2019.08.31"]
[SourceQuality "1"]

1. e4 c5 2. Nf3 d6 3. d4 cxd4 4. Nxd4 Nf6 5. Nc3 a6 6. Bg5 e6 7. f4 Qb6 {
So we have the famous poisoned pawn variation that many grandmasters already
fell victim to, including yours truly.} ({The two players had already
extensive experience in the line, mostly between each other:} 7... h6 8. Bh4
Qb6 9. a3 Be7 10. Bf2 (10. Qd3 Nbd7 11. O-O-O g5 $6 12. fxg5 Ne5 13. Qd2 Nh7
14. Nf3 hxg5 15. Bf2 $16 {½-½ (30) Caruana,F (2807)-Vachier Lagrave,M (2791)
Saint Louis 2017}) 10... Qc7 11. Qf3 Nbd7 12. O-O-O b5 13. g4 Bb7 (13... g5 14.
h4 gxf4 15. Be2 b4 16. axb4 Ne5 17. Qxf4 Nexg4 18. Bxg4 e5 19. Qxf6 $1 Bxf6 20.
Nd5 Qd8 21. Nf5 Rb8 22. Nxf6+ Qxf6 23. Rxd6 $18 {White won in style in Caruana,
F (2823)-Nakamura,H (2779) London 2016}) 14. h4 (14. Bg2 g5 15. h4 gxf4 16. g5
Ne5 17. Qxf4 hxg5 18. hxg5 Rxh1 19. Rxh1 Nfd7 20. Kb1 O-O-O $13 {0-1 (59)
Karjakin,S (2760)-Vachier Lagrave,M (2789) London 2017}) 14... Nc5 (14... d5
15. e5 Ne4 16. Rh3 Nxf2 17. Qxf2 b4 18. axb4 Bxb4 19. f5 Nxe5 20. fxe6 O-O 21.
Qg1 Rae8 22. g5 h5 23. Be2 g6 24. exf7+ $13 {1/2-1/2 (43) Caruana,F (2817)
-Vachier Lagrave,M (2803) Karlsruhe/Baden-Baden 2017}) 15. Bd3 d5 (15... Nxd3+
16. Rxd3 d5 17. e5 Ne4 18. Be1 O-O-O $13 {1/2-1/2 (37) Anand,V (2768)-Vachier
Lagrave,M (2779) Saint Louis 2018}) (15... h5 16. g5 Ng4 17. Rhg1 Qb6 18. Kb1
b4 19. axb4 Qxb4 20. Rxg4 hxg4 21. Qxg4 Rb8 22. Na2 Qa4 23. Nc3 {1/2-1/2 (25)
Grischuk,A (2766)-Vachier Lagrave,M (2779) Saint Louis 2018}) 16. e5 Nfe4 17.
Bxe4 Nxe4 18. Rh3 h5 19. Be1 g6 20. gxh5 Rxh5 21. Qg4 Qb6 22. Nce2 Rc8 23. Kb1
Rc4 24. b3 Rc8 25. Kb2 a5 26. b4 axb4 27. axb4 Ra8 28. Ra1 Ra4 $17 {1/2-1/2 
(51) Caruana,F (2822)-Vachier Lagrave,M (2779) Saint Louis 2018}) 8. Qd2 (8.
Qd3 {was also successfully used by Caruana against Nakamura in 2017.}) 8...
Qxb2 9. Rb1 Qa3 10. f5 Be7 {A very rare continuation.} (10... Nc6 {It's the
main line with thousands of games.}) 11. fxe6 Bxe6 12. Nxe6 fxe6 13. Bc4 Nbd7
14. Bxe6 Nc5 15. Bc4 $5 {A novelty setting practical problems for Black.} (15.
Bb3 Rc8 16. O-O Nxb3 17. Rxb3 Qc5+ 18. Be3 Qc4 19. Rf4 {Trying to take
advantage of the tactical trick involving e4-e5.} Nh5 $1 20. Rf5 Nf6 {There
were already some draws like this.}) (15. Bf5 g6 16. Bh3 Ncxe4 17. Nxe4 Nxe4
18. Qd4 Qc3+ 19. Qxc3 Nxc3 20. Bxe7 Kxe7 21. Rb3 Ne4 22. Rxb7+ Kf6 23. O-O+ Kg5
24. g3 Rab8 25. Ra7 Rb2 26. Bg2 d5 27. h4+ Kg4 28. Kh2 Rxc2 $1 (28... Nxg3 29.
Bh3+ Kxh4 30. Rf4+ Kg5 31. Kxg3 $16 {1/2-1/2 (70) Wei Yi (2736)-Nepomniachtchi,
I (2773) Moscow RUS 2019}) 29. Rf4+ Kh5 30. Kh3 Nf2+ $11) 15... Ncxe4 $6 {
The human choice although definitely not the best.} ({Black's difficulties can
be seen for a example in} 15... Rc8 16. O-O Ncd7 17. Rf5 Rxc4 18. Rb3 Rxc3 19.
Rxc3 Qxa2 20. Rc8+ Bd8 21. Qxd6 Qa1+ 22. Rf1 Qe5 23. Rxf6 gxf6 24. Qxe5+ Nxe5
25. Bxf6 Kd7 26. Bxh8 Kxc8 27. Bxe5 Bc7 {After a long (though not necessarily
needed) engine line we have an endgame that few humans could assess as drawn
so far in advance.}) 16. Nxe4 Nxe4 17. Bf7+ $1 {The point of 15.Bc4.} Kxf7 18.
Qd5+ Ke8 19. Qxe4 Qa5+ 20. Kd1 $1 {Caruna shows fantastic preparation even in
this very rare line.} (20. Bd2 Qe5 21. Qxe5 dxe5 22. Rxb7 Rf8 {and Black is
fine.}) 20... Qxg5 21. Rxb7 {Because of the the pinned B and the hanging R on
a8, White will be getting his piece back with interest. 0-0 would solve all
Black's problems but, unfortunately for him, his monarch has already taken a
small stroll.} Rf8 (21... Qe5 $2 22. Re1 {is very bad for Black-} Kd8 {and now
the following precise sequence is very strong:} 23. Qc6 (23. Rxe7 Kxe7 24. Qb7+
Kf6 25. Rxe5 $16 {is also possible since White's Q is stronger than Black's
rooks.}) 23... Qd4+ 24. Ke2 Qg4+ 25. Kd3 Qf5+ 26. Re4 Qf1+ 27. Kc3 Bf6+ 28. Kb3
Qb1+ 29. Ka3 $18 {The checks ran out and now the Black K is in terrible danger.
}) (21... Qh5+ {was also not that strong for Black:} 22. g4 Qe5 23. Re1 Kd8 24.
Rxe7 (24. Qc6 Qd4+ 25. Ke2 Qxg4+ 26. Kd3 Qf5+ 27. Re4 Qh3+ $11 {is the
difference compared to 21...Qe5.}) 24... Kxe7 25. Qb7+ Kf6 26. Rxe5 dxe5 27.
Ke2 $16) 22. Re1 (22. Rxe7+ Qxe7 23. Qxa8+ Kd7 24. Qb7+ Kd8 25. Qxa6 Qe5 {
is an inferior version of the game for White.}) 22... Rf7 23. Rxe7+ Rxe7 24.
Qxa8+ Kf7 25. Rf1+ Kg6 26. Qxa6 Qe5 $1 {The most consistent. White has an
extra pawn but his K on d1 is quite awkward, so it makes sense to keep the
queens on.} (26... Qd5+ {was an option but Black would risk a lot:} 27. Qd3+
Qxd3+ 28. cxd3 Ra7 29. Rf2 Ra3 30. Kc1 Rxd3 31. Kb2 {"All the rook endgames
are drawn". Except, of course, from the ones that aren't. Here the white
king's active position and also the awkward placement of the rook d3 with the
pawn on d6 make Black's task difficult.} Rd4 (31... h5 $1 32. a4 h4 {is a
better try to make some progress on the kingside taking advantage of the fact
that White cannot yet push a5.}) 32. Kb3 Rd3+ 33. Kc4 Rd1 34. a4 d5+ 35. Kb3 d4
36. Ra2 Rc1 37. Rd2 Rb1+ 38. Ka2 Rf1 39. Ka3 Rf4 40. g3 Re4 41. Kb3 Kf5 42. a5
Re3+ 43. Kb4 $18 {is a sample line.}) 27. Qd3+ Kh6 {We have an atypical
position where both the monarchs are feeling quite awkward.} 28. c3 $143 (28.
g3 {was probably better keeping the h2 pawn alive.} g6 (28... Qa1+ 29. Kd2 Qe5
{is a mysterious engine choice.}) 29. Qd2+ Kg7 30. Qf4 $16) 28... Qxh2 $1 {
The right decision restoring the material balance. However, White can still
set some practical problems.} 29. Qd2+ Kg6 30. Rf4 Re6 31. Qc2+ Kh6 32. Qf2
Qh5+ $1 {Getting his Q back into play with tempo.} 33. Kd2 (33. Kc1 $2 Re2 {
is good for Black.}) 33... Qd5+ 34. Kc1 g6 {A normal move in a position where
Black probably felt he solved all of his problems.} (34... g5 {was maybe
easier:} 35. Rd4 Qc5 36. Qf8+ Kg6 37. Qg8+ Kf6 $11) 35. a4 Qe5 36. Kc2 g5 $6 (
36... Qe2+ {would be quite an easy draw:} 37. Qxe2 Rxe2+ 38. Kb3 Rxg2 39. a5
Re2 40. a6 Re8 {The black rook will be quite passive but his h- and g-pawns
ensure enough counterplay.}) 37. Rd4 Kg6 38. Qf3 (38. Kb3 $5 {preparing for
the rook endgame was also interesting:} h5 $1 39. Qd2 Qf5 40. Rd5 $1 {Players
normally would not allow the black queen to arrive on b1 with check, but
Black's king g6 is not feeling so well either.} Qb1+ 41. Ka3 Kf7 $1 {and Black
keeps the balance.} (41... Qa1+ 42. Kb4 Re4+ 43. c4 $18)) 38... h5 {Now Black
gets a much needed tempo.} 39. Rd5 Qe2+ 40. Qxe2 Rxe2+ 41. Rd2 Re6 $2 {Very
natural but wrong.} (41... Re8 {was another option:} 42. Rxd6+ Kf5 43. a5 Kg4
44. Kb3 Kg3 45. Rh6 Kxg2 46. Rxh5 g4 $11) (41... Re5 {seemed simplest:} 42.
Rxd6+ (42. Kb3 Kf5 43. Ra2 Ke6 44. a5 Kd7 45. a6 Re8 {is also a draw.}) 42...
Kf5 43. Kb3 h4 44. Rd2 g4 {Black has enough counterplay.}) 42. a5 {Now the a
pawn becomes very hard to stop.} h4 43. Kb3 g4 44. Kb4 Re1 45. Ra2 $1 $18 {
Of course not allowing Black to put his rook behind the a-pawn.} Rb1+ 46. Kc4
h3 47. gxh3 gxh3 48. a6 Rb8 49. Kd5 Ra8 50. Kxd6 {Liquidating to an easily
winning endgame.} h2 51. Rxh2 Rxa6+ 52. Kd5 Kf7 53. Re2 $1 {The important move,
cutting off the black king.} Ra8 54. c4 Rd8+ 55. Kc6 Rc8+ 56. Kb5 Rb8+ 57. Ka6
Rc8 58. Re4 Kf6 {Black is missing two tempi to achieve the draw since if he
was to move and he would go ...Kf5, White would still be winning after Rh4.}
59. Kb7 Kf5 60. Rd4 {Caruana showed again some fantastic preparation getting a
very promising position. However, with some precise moves Black could have
saved the day.} 1-0

[Event "EU-ch 11th"]
[Site "Rijeka"]
[Date "2010.03.17"]
[Round "11"]
[White "Holzke, Frank"]
[Black "Buss, Ralph"]
[Result "0-1"]
[WhiteElo "2526"]
[BlackElo "2416"]
[Annotator "Marin,M"]
[PlyCount "72"]
[EventDate "2010.03.06"]
[EventType "swiss"]
[EventRounds "11"]
[EventCountry "CRO"]
[SourceTitle "CBM 136"]
[Source "ChessBase"]
[SourceDate "2010.05.18"]
[SourceVersion "1"]
[SourceVersionDate "2010.05.18"]
[SourceQuality "1"]

1. e4 c5 2. Nf3 d6 3. d4 cxd4 4. Nxd4 Nf6 5. Nc3 a6 6. Bg5 e6 7. f4 Qb6 8. Qd2
Qxb2 9. Rb1 Qa3 10. Be2 Nbd7 11. O-O Qc5 12. Kh1 Be7 13. f5 e5 14. Ne6 fxe6 15.
fxe6 Nb6 16. Rxf6 Bxf6 17. Bxf6 gxf6 18. Qh6 Qxc3 19. Qxf6 Bxe6 20. Qxe6+ Kd8
21. Rd1 Nd7 22. Bg4 Kc8 23. Qxd7+ Kb8 24. Qxd6+ Ka7 25. Rb1 Qd4 $146 (25... Qa5
{Pakenas,P (2419)-Degerhammar,R (2480)/ICCF Email 2002/Corr 2004 (1/2, 32)})
26. Qc7 Rab8 27. h3 h5 28. c3 Qd8 29. Qxd8 Rbxd8 30. Be6 Rd2 31. Bd5 Rh7 32. a4
h4 33. Be6 Rg7 34. Bg4 Rc7 35. Rf1 Rxc3 36. Rf5 Ra2 0-1